La Literatura Peruana en el Siglo XX : (Record no. 25)

000 -CABECERA
fixed length control field 00639nam a22001817a 4500
003 - IDENTIFICADOR DEL NÚMERO DE CONTROL
control field AR-CdUCM
008 - DATOS DE LONGITUD FIJA--INFORMACIÓN GENERAL
fixed length control field 190220b ||||| |||| 00| 0 spa d
040 ## - FUENTE DE LA CATALOGACIÓN
Agencia/entidad que catalogó originalmente la obra MUNICIPALIDAD PROVINCIAL DEL CUSCO
Entidad que transcribió la catalogación BIBLIOTECA MUNICIPAL DEL CUSCO
082 ## - NÚMERO DE LA CLASIFICACIÓN DECIMAL DEWEY
No. de Clasificación 869.56 /
Notacion interna N94
100 ## - ENTRADA PRINCIPAL--NOMBRE DE PERSONA
Nombre Personal Estuardo, Nuñes
245 ## - MENCIÓN DE TÍTULO
Título La Literatura Peruana en el Siglo XX :
Resto del título (1900-1965) /
Mención de responsabilidad Estuardo Nuñes
260 ## - PUBLICACIÓN, DISTRIBUCIÓN, ETC.
Lugar de publicación, distribución, etc. Mexico D.F:
Nombre de la editorial, distribuidor, etc. Pomarca S.A ,
Fecha de publicación, distribución, etc. 1965.
300 ## - DESCRIPCIÓN FÍSICA
Nº de Páginas Extensión 256 páginas ;
Dimensiones 20cm.
505 ## - NOTA DE CONTENIDO CON FORMATO
Nota de contenido formateada Literatura Peruana del Siglo XX -- Ricardo Palma -- Jose Maria Eguren ...
650 ## - PUNTO DE ACCESO ADICIONAL DE MATERIA--TÉRMINO DE MATERIA
Descriptor Literatura Peruana
9 (RLIN) 132
942 ## - ELEMENTOS DE PUNTO DE ACCESO ADICIONAL (KOHA)
Fuente de clasificación
Tipo de item Libros-BMC
945 ## - PROCESAMIENTO DE INFORMACIÓN LOCAL (OCLC)
Catalogador rtm
AAAA-MM-DD - Fecha de ingreso o modificacion 2019-02-19
Holdings
Estado de retiro (separado) Fuente de clasificación o esquema de estanterías Estado dañado Ubicación Sala donde se ubica Nombre de la colección Fecha de adquisición o compra Costo, precio normal en soles Signatura topográfica Código de Barras Última vez visto (Koha) Tipo de ítem (Koha)
No     Sala Humanidades Sala Humanidades Book Cart 2019-02-20 153.00 869.56 / N94 SH0000000043 2019-02-20 Libros-BMC

Powered by Koha